000 00593nam a2200169 4500
999 _c17319
_d17319
008 220923b ||||| |||| 00| 0 eng d
020 _a9781788286220
082 _22018
_aDC 292.13
_bH318
100 _aHawthorne, Nathaniel.
_946091
245 _aClassical mythology :
_bmyths and legends of the ancient world /
_cNathaniel Hawthorne.
260 _aLondon :
_bArcturus Holdings Limited,
_c©2018.
300 _a384 pages :
_billustrations ;
_c23 cm.
650 _aMythology, Greek.
_946092
650 _aMythology, Classical.
_914452
650 _aMyth | Mythology.
_946093
942 _2ddc
_cDC